Cette année-là: 1816 - Statistiques

Statistiques générales
  • Ce quiz a été pris 24 fois
  • Le résultat moyen est 3 sur 10
Statistiques - réponses
Indices Réponses % Correct
5 juillet : Le naufrage de ce navire fut immortalisé par Géricault. La Méduse
100%
17 février: Laennec invente cet instrument médical. Stéthoscope
68%
8 mai: Suppression de cet "acquis" de la révolution (indice: droit de la famille) divorce
50%
12 décembre: le Royaume de Naples et de Sicile fusionnent et donne naissance au... Royaume des Deux-Siciles
41%
4 mars: Ce pays d'Asie devient un protectorat britannique Népal
23%
5 septembre: Louis XVIII dissout cette chambre ultraroyaliste: la chambre ... introuvable
18%
28 avril: Création de cette institution financière française Caisse des dépôts et consignations
9%
Ce même homme invente cet ancêtre de la bicyclette. céléripède
9%
Nicéphor Niepce met au point ce procédé qui précède la photographie Héliographie
9%
1816: "Année sans été" en raison de l'éruption de ce Volcan indonésien Tambora
9%
Aucun quiz correspondant
Distribution des résultats
% des personnes avec chaque résultat
Percentile par nombre de réponses
Votre historique - résultats
Vous n’avez pas pris ce quiz